LEADER 01321nam a2200301 i 4500 001 000000256580 003 CaOOAMICUS 005 20180123000000.0 008 180123s1983 it u000 u ita u 013 $a235488 020 $a88-16-60032-2 040 $aSeMil$bita 100 1 $aCastelfranchi Vegas, Liana,$d<1924-2013>.$0(OLS)http://semarc/name/9118 245 10$aItalia e Fiandra :$bnella pittura del Quattrocento /$cLiana Castelfranchi Vegas. 250 $aEdizione speciale per I.A.C. 260 $aMilano :$bJaca Book,$c1983. 300 $a321 p. :$briccamente ill. ;$c31 cm. 490 0 $aLe grandi stagioni 500 $aContiene : Bibliografia generale ; Tavola cronologica. 650 4$aPittura fiamminga - Pittura italiana - Sec. 15.$0(OLS)http://semarc/subject/23444 650 4$aPittura italiana - Sec. 15.$0(OLS)http://semarc/subject/11620 830 3$aLe grandi stagioni.$0(OLS)http://semarc/title/8638 850 $aSeMil 852 $aSeMil$W1$xVenegono$y1$m5F X 58$j206926$B206926$CSeMilBibl$Z2$F220831 $81 961 $aOmaggio: Riva don Flavio 996 $6020$a88-16-60032-2$9(OLS)http://semarc/number/280946 996 $6245$aItalia e Fiandra :$bnella pittura del Quattrocento$9(OLS)http://semarc/title/412346 996 $6260$aMilano :$bJaca Book$9(OLS)http://semarc/publisher/29781 LEADER 01042nam a2200241 i 4500 001 000000124910 003 CaOOAMICUS 005 20040401000000.0 008 040401s1968 be u000 u mul u 013 $a97608 040 $aSeMil$bita 100 1 $aHalkin, François.$0(OLS)http://semarc/name/809 245 10$aManuscrits grecs de Paris inventaire hagiographique /$cPar François Halkin. 260 $aBruxelles :$bSociété des Bollandistes,$c1968. 300 $aXI, 367 p. ;$c25 cm. 490 0 $aSubsidia hagiographica ;$v44 650 4$aManoscritti greci - Cataloghi.$0(OLS)http://semarc/subject/106 650 4$aSanti.$0(OLS)http://semarc/subject/8255 830 0$aSubsidia hagiographica ;$v44.$0(OLS)http://semarc/title/570 850 $aSeMil 852 $aSeMil$W1$xVenegono$y1$mSL1.S III 1$j79424$B79424$CSeMilBibl$Z2$F81563 $8I 996 $6245$aManuscrits grecs de Paris inventaire hagiographique$9(OLS)http://semarc/title/183890 996 $6260$aBruxelles :$bSociété des Bollandistes$9(OLS)http://semarc/publisher/29839